| 000 | 00547aam a2200229 4500 | ||
|---|---|---|---|
| 005 | 20260414152845.0 | ||
| 008 | 150306b xxu||||| |||| 00| 0 spa d | ||
| 020 | _a9789876342766 | ||
| 041 | _aESP | ||
| 082 | _a796.815 AB116t | ||
| 100 |
_aAbad, Fernando _915849 |
||
| 245 | _aTaekwondo: el poder de Do | ||
| 260 | _aArgentina | ||
| 260 | _bEdiciones | ||
| 260 | _c2011 | ||
| 300 | _a122 páginas | ||
| 490 | _aTemática General | ||
| 650 | _aTAEKWONDO | ||
| 650 | _aARTES MARCIALES | ||
| 650 | _aDEFENSA PERSONAL | ||
| 942 |
_cBK _2ddc |
||
| 999 |
_c3739 _d3739 |
||